000 00886nam a2200229 4500
005 20231129111710.0
010 _aENG-138478
020 _a9789389152074
_c4999.00
035 _aEN-122011
037 _bDBAD/PUB
082 _a759.954
_2First
100 _aMaity, Paresh
_959167
245 _aParesh Maity:
_cBy Paresh Maity Photograph By Nemai Ghosh ;Concept By Sunil Sud and Design By Vishwajyoti Ghosh
_bA portrait of the Artist in ther World/
250 _aFirst
260 _aChennai
_bWestland Books
_c2020
270 _a1st Floor A Block, East Wing, Plot No 40, SP Infocity, Dr MGR Salai, Perungudi, Kandanchavadi
_bChennai
_e600096
300 _a354p.
_c36cm(hbk)
_bill,col
700 _aGhosh, Nemai
_ePhotograph
_959168
700 _a Ghosh , Vishwajyoti
_eDesign
_959169
700 _a Sud, Sunil
_eConcept
_959170
942 _2ddc
_cEN
_h759.954
_mPAR
999 _c199285
_d199285